Pays et Scrabble (click quiz) - Statistiques

Statistiques générales
  • Ce quiz a été pris 32 fois
  • Le résultat moyen est 36 sur 46
Statistiques - réponses
Hint Réponse % Correct
Slova-uie 8
92%
Lu-embourg 10
88%
Taï-an 10
88%
Ér-thrée 10
88%
Ch-pre 10
88%
Bots-ana 10
88%
Gu-ana 10
88%
Urugua- 10
88%
R-anda 10
88%
Vene-uela 10
88%
Nouvelle -élande 10
88%
S-rie 10
88%
-émen 10
88%
Fid-i 8
88%
-oweït 10
83%
Danemar- 10
83%
Bosnie-Her-égovine 10
83%
Eg-pte 10
83%
Es-atini 10
83%
Pa-s-Bas 10
83%
Lib-e 10
83%
Paragua- 10
83%
Mala-i 10
83%
Tché-uie 8
83%
Belgi-ue 8
83%
Tur-uie 8
83%
-apon 8
83%
-ordanie 8
83%
Ro-aume Uni 10
79%
Tur-ménistan 10
79%
Tan-anie 10
79%
Beli-e 10
79%
Se-chelles 10
79%
D-ibouti 8
79%
Guinée E-uatoriale 8
79%
Pa-istan 10
75%
-atar 8
75%
U-raine 10
71%
-ambie 10
71%
E--ateur 8
71%
Domini-ue 8
71%
Afri-ue du Sud 8
67%
Sri Lan-a 10
63%
Ira- 8
46%
-iribati 8
17%
Républi-ue du Congo 10
8%
Aucun quiz correspondant
Distribution des résultats
% des personnes avec chaque résultat
Percentile par nombre de réponses
Votre historique - résultats
Vous n’avez pas pris ce quiz